• 首页
  • 本馆介绍
  • 公告通知
  • 最新文献
  • 馆藏检索
  • 电子资源
  • 读者导购
  • 参考咨询
  • 我的图书馆
  • 登录
  • 详细信息显示
  • 放入我的书架
  • 预约/预借图书
  • 作者相关作品
  • 分类相关作品
  • 丛书相关作品
  • 出版社相关作品

书目信息

  • 表格格式
  • 工作单格式
  • 卡片格式
题名:
我的生活
    
 
作者: 冯玉祥 著
分册: 上  
出版信息: 哈尔滨   黑龙江人民出版社  1981
页数: 301页
开本: 19cm
丛书名:
单 册:
中图分类: I252.4
科图分类:
主题词: 报告文学--中国 , 传记文学--中国
电子资源:
ISBN:
000 00630nam0 2200241 45
001 0181009999
005 20060802095207.50
010    @dCNY1.15
091    @a10093.364
100    @a19950414d1981 em y0chiy0121 ea
101 0  @achi
102    @aCN@b230000
105    @af z 000yy
200 10 @a我的生活@h上@Awo de sheng huo@f冯玉祥著
210    @a哈尔滨@c黑龙江人民出版社@d1981
215    @a301页@c照片@d19cm
606 0  @a报告文学@x中国
606 0  @a传记文学@x中国
690    @aI252.4@v3
701  0 @a冯玉祥@Afeng yu xiang@4著
801  2 @aCN@bNLC@c20060802
801  0 @aCN@b上海图书馆@c20040301
905    @dI252.4@e79:1
    
    我的生活.上/冯玉祥著.-哈尔滨:黑龙江人民出版社,1981
    301页:照片;19cm
    
    
    ISBN :CNY1.15
    
●
相关链接 在E读中查询图书 在五车中查询图书 在当当中查询图书 在豆瓣中查询图书


正题名:我的生活     索取号:I252.4/79:1         预约/预借

序号 登录号 条形码 馆藏地/架位号 状态 备注
1 0039707   001908715   密集书库/ [索取号:I252.4/79:1] 在馆    
2 0039708   001908671   密集书库/ [索取号:I252.4/79:1] 在馆    
3 0039709   000582970   第二借阅区/ [索取号:I252.4/79:1] 在馆    
4 0039710   001887998   密集书库/ [索取号:I252.4/79:1] 在馆    
5 0039711   000582934   第二借阅区/ [索取号:I252.4/79:1] 在馆    
6 0039712   001887836   密集书库/ [索取号:I252.4/79:1] 在馆    
7 0039713   001887872   密集书库/ [索取号:I252.4/79:1] 在馆    
8 0039714   000582854   第一样本阅览室/ [索取号:I252.4/79:1] 在馆    
9 0039715   001887916   密集书库/ [索取号:I252.4/79:1] 在馆    
10 0039716   001887952   密集书库/ [索取号:I252.4/79:1] 在馆    
11 0053093   000582890   密集书库/ [索取号:I252.4/79:1] 在馆    
12 0053094   001888032   密集书库/ [索取号:I252.4/79:1] 在馆    
13 0443500   204435003   密集书库/ [索取号:I252.4/79:1] 在馆    
唐山师范学院图书馆 欢迎您!
大连网信软件有限公司© 版权所有